LIBRARY & INFORMATION CENTRE, KCAET, TAVANUR

ONLINE PUBLIC ACCESS CATALOGUE (OPAC)

Development and testing of a domestic coconut climber (Record no. 15710)

MARC details
000 -LEADER
fixed length control field 00442nam a22001577a 4500
003 - CONTROL NUMBER IDENTIFIER
control field OSt
082 ## - DEWEY DECIMAL CLASSIFICATION NUMBER
Classification number 631.3
Item number JIT/D
088 ## - REPORT NUMBER
Report number P 443
100 ## - MAIN ENTRY--AUTHOR NAME
Personal name Jithu P Ajith
100 ## - MAIN ENTRY--AUTHOR NAME
Personal name Prithviraj V
100 ## - MAIN ENTRY--AUTHOR NAME
Personal name Shivendra Patel
245 ## - TITLE STATEMENT
Title Development and testing of a domestic coconut climber
260 ## - PUBLICATION, DISTRIBUTION, ETC. (IMPRINT)
Place of publication Tavanur
Name of publisher Department of Farm Machinery and power engineering
Year of publication 2019
700 ## - ADDED ENTRY--PERSONAL NAME
Personal name Jayan P R (guide)
942 ## - ADDED ENTRY ELEMENTS (KOHA)
Koha item type Project Report
Holdings
Collection code Home library Current library Shelving location Full call number Accession Number Koha item type
Reference KAUAET KAUAET Processing Center 631.3 JIT/D P 443 Project Report
free website counter